[Event "Online Olym Div2 E 2021"]
[Site "chess.com INT"]
[Date "2021.09.02"]
[Round "1.4"]
[Board "2"]
[White "Munoz Sanchez, Miguel"]
[Black "Gemy, Jose Daniel"]
[Result "0-1"]
[WhiteTitle "IM"]
[BlackTitle "IM"]
[WhiteElo "2222"]
[BlackElo "2380"]
[WhiteTeam "Ecuador"]
[BlackTeam "Bolivia"]
[WhiteFideId "3600734"]
[BlackFideId "3301478"]
[EventDate "2021.09.02"]
[EventType "team"]

1. d4 Nf6 2. c4 g6 3. Nc3 Bg7 4. e4 d6 5. Nge2 O-O 6. Ng3 e5 7. d5 Ne8 8. Bd3 f5
9. f3 f4 10. Nge2 Qh4+ 11. Kd2 Na6 12. Qe1 Qg5 13. Qf2 Nc5 14. b4 Nxd3 15. Kxd3
a5 16. b5 a4 17. Bd2 Qd8 18. Rab1 Nf6 19. Kc2 Nd7 20. Nc1 Nb6 21. Qe2 c6 22. Kb2
cxd5 23. Nxd5 Be6 24. Ka1 Nxd5 25. cxd5 Bxd5 26. Bb4 Qc7 27. Rd1 Bc4 28. Qd2
Rfd8 29. Bxd6 Qb6 30. Qb4 Rac8 31. Bc5 Rxc5 32. Rxd8+ Qxd8 33. Qxc5 Qd4+ 34.
Qxd4 exd4 35. Rb4 d3+ 36. Kb1 d2 37. Kc2 dxc1=Q+ 38. Kxc1 Bf1 39. Rxa4 Bxb5 40.
Ra8+ Kf7 41. Rb8 Ba6 42. Kd2 Be5 43. Rd8 Ke7 44. Rd5 Bc7 45. Ke1 Ke6 46. a4 b6
47. Kf2 Bb7 48. Rd2 Bd6 49. g3 Bc6 50. Ra2 Bc5+ 51. Ke2 Ke5 52. Kd3 Bb7 53. a5
Ba6+ 54. Kc2 b5 55. Kb3 g5 56. Rc2 Kd6 57. Rd2+ Kc6 58. Rd5 h6 59. gxf4 gxf4 60.
Rh5 Bf8 61. Rf5 Be7 62. Rxf4 Bc8 63. e5 Be6+ 64. Kb2 b4 65. Re4 Kb5 66. f4 Kxa5
67. Re1 Kb5 68. Rg1 Bc5 69. Rg6 Bd4+ 70. Kc1 Bf5 71. Rf6 Be4 72. Rd6 Kc5 73. Rd8
b3 74. Rc8+ Kd5 75. Rd8+ Kc4 76. Rc8+ Kb4 77. Rb8+ Ka3 78. e6 b2+ 79. Kd2 b1=Q
80. Rxb1 Bxb1 81. e7 Bg6 82. f5 Bf7 83. Kd3 Bf6 0-1

[Event "Online Olym Div2 E 2021"]
[Site "chess.com INT"]
[Date "2021.09.02"]
[Round "1.4"]
[Board "3"]
[White "Cordero, Daniela"]
[Black "Fierro Baquero, Martha L."]
[Result "0-1"]
[WhiteTitle "WIM"]
[BlackTitle "IM"]
[WhiteElo "2010"]
[BlackElo "2359"]
[WhiteTeam "Bolivia"]
[BlackTeam "Ecuador"]
[WhiteFideId "3301630"]
[BlackFideId "3600270"]
[EventDate "2021.09.02"]
[EventType "team"]

1. d4 g6 2. Nf3 Bg7 3. c4 d6 4. g3 Nf6 5. Bg2 O-O 6. O-O c6 7. Nc3 Qa5 8. e4 Qh5
9. Ng5 Qxd1 10. Rxd1 e5 11. d5 cxd5 12. cxd5 h6 13. Nf3 Bg4 14. Nb5 Ne8 15. a4
Nd7 16. h3 Bxf3 17. Bxf3 f5 18. Bd2 a6 19. Nc3 Nef6 20. b4 Nb6 21. a5 Nc4 22.
Be1 Rac8 23. Rab1 Rc7 24. exf5 gxf5 25. Na4 Nd7 26. Be2 Rfc8 27. b5 axb5 28.
Rxb5 Na3 29. Rb3 Nc2 30. Bb5 Nf6 31. Nb6 Rf8 32. Bb4 Ne4 33. Bd7 Nd4 34. Be6+
Kh7 35. Rb2 Rf6 36. Kg2 Nxe6 37. dxe6 Rxe6 38. f3 Nc5 39. Nd5 Rf7 40. Rc2 Bf8
41. Nb6 e4 42. f4 Nd3 43. Bc3 Bg7 44. Bxg7 Kxg7 45. Kf1 Rg6 46. Rg2 Rc7 47. Nd5
Rc5 48. Ne3 h5 49. Ra1 Kf6 50. h4 Rg8 51. Nd1 Ra8 52. Rga2 Ra7 53. Ne3 Ke6 54.
Kg2 d5 55. Ra4 Nb2 56. Rb4 Nc4 57. Nc2 Rcxa5 58. Nd4+ Kf6 59. Rxa5 Nxa5 60. Rb5
Nc6 61. Rxd5 Ra2+ 62. Kg1 Nxd4 63. Rxd4 Ke6 64. Kf1 b5 65. Rb4 Ra5 66. Rd4 Ra3
67. Kf2 Rf3+ 68. Kg2 Rc3 69. Rd8 b4 70. Rb8 b3 71. Rb5 Rc2+ 72. Kg1 b2 0-1

[Event "Online Olym Div2 E 2021"]
[Site "chess.com INT"]
[Date "2021.09.02"]
[Round "1.4"]
[Board "4"]
[White "Ortiz Verdezoto, Anahi"]
[Black "Monroy G., Nataly A."]
[Result "1-0"]
[WhiteTitle "WIM"]
[BlackTitle "WIM"]
[WhiteElo "1982"]
[BlackElo "1957"]
[WhiteTeam "Ecuador"]
[BlackTeam "Bolivia"]
[WhiteFideId "3614581"]
[BlackFideId "3304019"]
[EventDate "2021.09.02"]
[EventType "team"]

1. d4 g6 2. c4 Bg7 3. Nc3 c5 4. d5 e6 5. e4 exd5 6. cxd5 d6 7. Bd3 Nf6 8. h3 O-O
9. Nf3 Na6 10. O-O Nc7 11. Re1 a6 12. a4 b6 13. Bg5 h6 14. Be3 Bb7 15. Nd2 Rb8
16. f4 Re8 17. Qf3 Ba8 18. Nc4 Bf8 19. a5 b5 20. Nb6 Bb7 21. Rad1 Nd7 22. Qg3
Nxb6 23. axb6 Na8 24. e5 Nxb6 25. f5 Rxe5 26. fxg6 f6 27. g7 Bxg7 28. Bxh6 Qd7
29. Qg6 Rg5 30. Bxg5 1-0

[Event "Online Olym Div2 E 2021"]
[Site "chess.com INT"]
[Date "2021.09.02"]
[Round "1.4"]
[Board "5"]
[White "Vera, Pavel"]
[Black "Esmeraldas Huachi, Anderson"]
[Result "1-0"]
[WhiteElo "2073"]
[BlackElo "1993"]
[WhiteTeam "Bolivia"]
[BlackTeam "Ecuador"]
[WhiteFideId "3304779"]
[BlackFideId "3616363"]
[EventDate "2021.09.02"]
[EventType "team"]

1. Nf3 Nc6 2. g3 e5 3. d3 f5 4. Bg2 Nf6 5. c4 Bc5 6. O-O O-O 7. Nc3 d6 8. a3 a5
9. Bg5 h6 10. Bxf6 Qxf6 11. e3 Qf7 12. Rc1 Bb6 13. Nd5 Ba7 14. b4 Be6 15. Nd2
axb4 16. axb4 Ne7 17. Nxc7 Rac8 18. Nxe6 Qxe6 19. Ra1 Bb6 20. Bxb7 Rb8 21. Bg2
f4 22. Qe2 Nf5 23. Bd5 1-0

[Event "Online Olym Div2 E 2021"]
[Site "chess.com INT"]
[Date "2021.09.02"]
[Round "1.4"]
[Board "6"]
[White "Miranda Vargas, Analia Karen"]
[Black "Beltran Salvador, Milka"]
[Result "1-0"]
[WhiteElo "1587"]
[BlackElo "1602"]
[WhiteTeam "Ecuador"]
[BlackTeam "Bolivia"]
[WhiteFideId "3632393"]
[BlackFideId "3310078"]
[EventDate "2021.09.02"]
[EventType "team"]

1. e4 c5 2. Nf3 Nc6 3. Bb5 g6 4. O-O Bg7 5. Re1 e6 6. c3 Nge7 7. d4 cxd4 8. cxd4
a6 9. Bf1 O-O 10. Nc3 d5 11. e5 Nf5 12. h3 Nh4 13. Nxh4 Qxh4 14. Be3 Rd8 15. Qd2
Qe7 16. Rac1 Qe8 17. Bg5 Rd7 18. Na4 Rc7 19. Nb6 Rb8 20. b4 Bf8 21. a3 Be7 22.
Bf6 Bd7 23. Qg5 Bd8 24. Bxd8 Qxd8 25. Qxd8+ Rxd8 26. a4 Be8 27. b5 1-0

[Event "Online Olym Div2 E 2021"]
[Site "chess.com INT"]
[Date "2021.09.02"]
[Round "1.5"]
[Board "1"]
[White "Christie, Joshua"]
[Black "Juarez Flores, Carlos A."]
[Result "1-0"]
[WhiteTitle "FM"]
[BlackTitle "IM"]
[WhiteElo "2206"]
[BlackElo "2374"]
[WhiteTeam "Jamaica"]
[BlackTeam "Guatemala"]
[WhiteFideId "7402074"]
[BlackFideId "7300018"]
[EventDate "2021.09.02"]
[EventType "team"]

1. d4 d5 2. c4 c6 3. Nc3 Nf6 4. Nf3 a6 5. c5 Nbd7 6. Bf4 Nh5 7. Be3 Qc7 8. g3 g6
9. Bg2 Bg7 10. O-O O-O 11. Qd2 e5 12. dxe5 Nxe5 13. Nxe5 Qxe5 14. Rad1 Re8 15.
Bd4 Qxd4 16. Qxd4 Bxd4 17. Rxd4 Ng7 18. e4 Ne6 19. Rd2 d4 20. Na4 Bd7 21. f4
Rad8 22. Rfd1 Bc8 23. b4 a5 24. a3 axb4 25. axb4 Kg7 26. Nb6 Nc7 27. Nxc8 Rxc8
28. Rxd4 Re7 29. Rd7 Rce8 30. h4 Na6 31. Rxe7 Rxe7 32. Rd4 f6 33. Bf1 Nc7 34.
Bc4 h6 35. Kf2 g5 36. Kf3 Kg6 37. Rd6 gxh4 38. gxh4 Ne8 39. Rd8 Ng7 40. Rd6 Ne8
41. Rd1 Kh5 42. Rg1 b5 43. Be2 Rg7 44. Kf2+ 1-0

[Event "Online Olym Div2 E 2021"]
[Site "chess.com INT"]
[Date "2021.09.02"]
[Round "1.5"]
[Board "2"]
[White "Lorenzana, Wilson Estuardo"]
[Black "Lorne, Ras Malaku"]
[Result "0-1"]
[WhiteTitle "IM"]
[BlackTitle "FM"]
[WhiteElo "2220"]
[BlackElo "2117"]
[WhiteTeam "Guatemala"]
[BlackTeam "Jamaica"]
[WhiteFideId "7300239"]
[BlackFideId "7400330"]
[EventDate "2021.09.02"]
[EventType "team"]

1. e4 c6 2. d4 d5 3. e5 Bf5 4. Nf3 e6 5. Be2 c5 6. O-O Nc6 7. Be3 cxd4 8. Nxd4
Nxd4 9. Bxd4 Ne7 10. Bb5+ Nc6 11. c4 dxc4 12. Nc3 Bd3 13. Qa4 Rc8 14. Bxa7 Bxf1
15. Rxf1 Be7 16. Qxc4 O-O 17. Be3 Nxe5 18. Qe4 Qc7 19. Rc1 Rfd8 20. h3 Nc6 21.
Bd3 g6 22. Bb1 Qe5 23. Qf3 Qf6 24. Qe4 Qh4 25. Qf3 Qb4 26. Qe2 Nd4 27. Bxd4 Rxd4
28. a3 Qd6 29. Rf1 Rd2 30. Qb5 Qc6 31. Qb3 b6 32. Be4 Qc7 33. Bf3 Bc5 34. Ne4
Rdd8 35. Qb5 Qe5 36. Nxc5 Qxc5 37. Qb3 Rd2 38. g3 Qc2 39. Qxb6 Qxb2 40. Qa7 Rd3
41. Bb7 Rc1 42. Rxc1 Qxc1+ 43. Kg2 Qxa3 44. Qb8+ Qf8 45. Qf4 Qd6 46. Qf6 Qd7 47.
Be4 Rd2 48. Qf3 Kg7 49. h4 f5 50. Bc6 Qd6 51. Qc3+ Qd4 52. Qf3 e5 53. h5 e4 54.
Qf4 Qd6 55. h6+ Kf6 56. Qe3 Qxc6 57. g4 Rd3 58. Qf4 e3+ 59. f3 Qd6 60. g5+ Ke7
61. Qc4 Rd2+ 62. Kf1 Qd3+ 0-1

[Event "Online Olym Div2 E 2021"]
[Site "chess.com INT"]
[Date "2021.09.02"]
[Round "1.5"]
[Board "3"]
[White "Miller, Rachel"]
[Black "Mazariegos, Silvia Carolina"]
[Result "1/2-1/2"]
[WhiteTitle "CM"]
[BlackTitle "WIM"]
[WhiteElo "2004"]
[BlackElo "1933"]
[WhiteTeam "Jamaica"]
[BlackTeam "Guatemala"]
[WhiteFideId "7401302"]
[BlackFideId "7300115"]
[EventDate "2021.09.02"]
[EventType "team"]

1. e4 Nf6 2. e5 Nd5 3. d4 d6 4. c4 Nb6 5. exd6 exd6 6. Bd3 Be7 7. Nc3 O-O 8.
Nge2 Nc6 9. O-O Bf6 10. Be3 Nb4 11. b3 Nxd3 12. Qxd3 g6 13. Ng3 Bg7 14. Rae1 h5
15. Qd2 c6 16. Bg5 f6 17. Bh6 d5 18. c5 Nd7 19. Bf4 Re8 20. Rxe8+ Qxe8 21. Re1
Qf7 22. Bd6 Bf8 23. Re2 b6 24. Bxf8 Nxf8 25. cxb6 axb6 26. Na4 b5 27. Nb6 Rb8
28. Nxc8 Rxc8 29. Qe1 Rc7 30. Nf1 Nh7 31. h4 Kf8 32. Qc1 Kg7 33. Nd2 Nf8 34. b4
Ne6 35. Nb3 Nd8 36. Qe1 Kf8 37. Qd2 Kg7 38. Qe3 Nb7 39. g3 Nd6 40. Nc5 Nf5 41.
Ne6+ Kh7 42. Qd2 Re7 43. Nd8 Rxe2 44. Qxe2 Qe7 45. Qxe7+ Nxe7 46. Kf1 Kg7 47.
Ke2 Kf8 48. Kd3 Ke8 49. Ne6 Kf7 50. Nc5 Nf5 51. Na6 Ke7 52. Nc5 Kd6 53. a4 bxa4
54. Nxa4 Ne7 55. Nc5 Nc8 56. Ke3 Nb6 57. Kf4 Na8 58. g4 hxg4 59. Kxg4 Nc7 60. h5
gxh5+ 61. Kxh5 Ne6 62. Nb3 Nf4+ 63. Kg4 Nd3 64. Kf5 Ke7 65. Na5 Nxb4 66. f4 Kf7
67. Kg4 Ke6 68. f5+ Kf7 69. Kh5 c5 70. dxc5 d4 71. Nc4 Na6 72. c6 Nc7 73. Kg4
Ke7 74. Kf3 Nb5 75. Ke2 Kd8 76. Kd3 Kc7 77. Nd2 Kxc6 78. Ne4 Kd5 79. Nxf6+ Ke5
80. Nd7+ Kxf5 81. Kc4 Ke6 82. Nc5+ Kd6 83. Kxb5 d3 84. Nxd3 1/2-1/2

[Event "Online Olym Div2 E 2021"]
[Site "chess.com INT"]
[Date "2021.09.02"]
[Round "1.5"]
[Board "4"]
[White "Mencos Castillo, Maria"]
[Black "Clarke, Adani"]
[Result "0-1"]
[WhiteTitle "WIM"]
[BlackTitle "WCM"]
[WhiteElo "1865"]
[BlackElo "1811"]
[WhiteTeam "Guatemala"]
[BlackTeam "Jamaica"]
[WhiteFideId "7300867"]
[BlackFideId "7402082"]
[EventDate "2021.09.02"]
[EventType "team"]

1. e4 e6 2. d4 d5 3. Nc3 Bb4 4. e5 c5 5. a3 cxd4 6. axb4 dxc3 7. bxc3 Qc7 8. Nf3
Qxc3+ 9. Bd2 Qc7 10. Bd3 Nc6 11. Qe2 Nge7 12. O-O Ng6 13. Rfe1 O-O 14. b5 Nb8
15. Bb4 Rd8 16. Ba5 b6 17. Bb4 Nd7 18. Ra3 Nc5 19. Rea1 Bd7 20. h3 Nf4 21. Qe3
Nfxd3 22. cxd3 Bxb5 23. d4 Ne4 24. Nd2 Nxd2 25. Qxd2 Rdc8 26. Bd6 Qd7 27. Qa2 a6
28. Qd2 Rc4 29. Rb1 Rac8 30. Rab3 Qc6 31. Kh2 Rc2 32. Qe3 Re2 33. Qf4 Qc2 34.
Rf3 Qg6 35. Rc1 Rxc1 36. Qxc1 Qc2 37. Rc3 Qxc1 38. Rxc1 h6 39. Rc8+ Kh7 40. Kg3
Rd2 41. Rb8 Rxd4 42. Rxb6 Rc4 43. Rb7 Kg6 44. Ra7 d4 45. Bb8 d3 0-1

[Event "Online Olym Div2 E 2021"]
[Site "chess.com INT"]
[Date "2021.09.02"]
[Round "1.5"]
[Board "6"]
[White "Santiago Sontay, Jenny Fernanda"]
[Black "Brown, Raehanna"]
[Result "1/2-1/2"]
[BlackTitle "WCM"]
[WhiteElo "1708"]
[BlackElo "1594"]
[WhiteTeam "Guatemala"]
[BlackTeam "Jamaica"]
[WhiteFideId "7303084"]
[BlackFideId "7402740"]
[EventDate "2021.09.02"]
[EventType "team"]

1. e4 c5 2. Nf3 Nc6 3. d3 g6 4. Nc3 Bg7 5. Be3 d6 6. d4 cxd4 7. Nxd4 Nf6 8. f3
O-O 9. Be2 d5 10. O-O e5 11. Nxc6 bxc6 12. exd5 cxd5 13. Bc5 Re8 14. Qd2 Bb7 15.
Bb5 Re6 16. Rae1 Qc7 17. b4 Bf8 18. Na4 Bc6 19. Bxc6 Rxc6 20. Bxf8 Rxf8 21. Rf2
Rc8 22. Nc5 a5 23. a3 axb4 24. axb4 Nd7 25. Nxd7 Qxd7 26. Rxe5 Rxc2 27. Qxc2
Rxc2 28. Rxc2 Qa7+ 29. Kf1 Qd4 30. Ree2 Qxb4 31. Rcd2 d4 32. Rf2 Qc4+ 33. Rfe2
d3 34. Re1 Qc3 35. Red1 Qe5 36. g3 Qf5 37. Rxd3 Qh3+ 38. Kg1 Qf5 39. Kg2 Kg7 40.
Rd6 Qc2+ 41. R1d2 Qc4 42. R2d3 Qc2+ 43. Rd2 Qc4 44. R2d3 Qc8 45. Rd7 h5 46. R3d6
Qc2+ 47. Rd2 Qf5 48. R7d5 Qe6 49. Rd6 Qf5 50. R6d5 Qe6 51. Rd6 Qe1 52. R6d4 Kf6
53. Rd6+ Kg7 54. R6d4 Qe5 1/2-1/2

[Event "Online Olym Div2 E 2021"]
[Site "chess.com INT"]
[Date "2021.09.02"]
[Round "2.1"]
[Board "1"]
[White "Gallego Alcaraz, Andres Felipe"]
[Black "Juarez Flores, Carlos A."]
[Result "0-1"]
[WhiteTitle "GM"]
[BlackTitle "IM"]
[WhiteElo "2512"]
[BlackElo "2374"]
[WhiteTeam "Colombia"]
[BlackTeam "Guatemala"]
[WhiteFideId "4402669"]
[BlackFideId "7300018"]
[EventDate "2021.09.02"]
[EventType "team"]

1. e4 c6 2. c4 d5 3. exd5 cxd5 4. cxd5 Nf6 5. Qa4+ Nbd7 6. Nc3 g6 7. Nf3 Bg7 8.
Bc4 O-O 9. d3 a6 10. Qa3 Nb6 11. Qb3 Bf5 12. O-O Rc8 13. Bf4 Nfd7 14. d6 Nxc4
15. dxc4 Nc5 16. dxe7 Qxe7 17. Qa3 Qe6 18. Nd5 Nd3 19. Rae1 Bxb2 20. Ne7+ Kg7
21. Rxe6 Bxa3 22. Nxf5+ gxf5 23. Bh6+ Kg8 24. Re3 Rfd8 25. Ne1 Rc6 26. Bg5 f6
27. Bxf6 Rxf6 28. Nxd3 Bf8 29. Rfe1 Rd4 30. Ne5 f4 31. Re4 Rd2 32. R4e2 Rfd6 33.
Nf3 Rxe2 34. Rxe2 Rc6 35. Re4 Rb6 36. h4 Rb1+ 37. Kh2 Rb2 38. Kh3 Rxf2 39. Rxf4
Rxa2 40. Ng5 Ra3+ 41. Kg4 Bg7 42. Re4 Bf6 43. Nf3 b5 44. cxb5 axb5 45. Re6 Kf7
46. Rb6 Rb3 47. Kf5 Ba1 48. Rb7+ Ke8 49. Rxh7 Rb2 50. g4 Rf2 51. Ke4 b4 52. Rb7
Bc3 53. g5 Re2+ 54. Kf4 Re7 55. Rb8+ Kf7 56. h5 Rc7 57. Ne5+ Kg7 58. h6+ Kh7 59.
g6+ Kxh6 60. Rh8+ Kg7 61. Rh7+ Kf6 62. Rxc7 Bxe5+ 63. Ke4 Bxc7 64. Kd4 Kxg6 0-1

[Event "Online Olym Div2 E 2021"]
[Site "chess.com INT"]
[Date "2021.09.02"]
[Round "2.1"]
[Board "2"]
[White "Lorenzana, Wilson Estuardo"]
[Black "Martinez Romero, Martin"]
[Result "0-1"]
[WhiteTitle "IM"]
[BlackTitle "IM"]
[WhiteElo "2220"]
[BlackElo "2409"]
[WhiteTeam "Guatemala"]
[BlackTeam "Colombia"]
[WhiteFideId "7300239"]
[BlackFideId "4404025"]
[EventDate "2021.09.02"]
[EventType "team"]

1. e4 c5 2. Nf3 e6 3. c4 Nc6 4. Nc3 a6 5. d4 cxd4 6. Nxd4 Qc7 7. a3 Nf6 8. Be2
Bc5 9. Nc2 O-O 10. O-O b6 11. Be3 Bb7 12. Rc1 Bxe3 13. Nxe3 Ne7 14. Qd4 Ng6 15.
g3 Rac8 16. Rfd1 Rfd8 17. f3 Qc5 18. Na4 Qa5 19. b3 Rc6 20. Qc3 Qg5 21. Qd2 h6
22. Nc3 Rcc8 23. Bf1 d5 24. cxd5 exd5 25. Ncxd5 Nxd5 26. Rxc8 Rxc8 27. Nxd5 Qe5
28. Nxb6 Rc3 29. Nd7 Qc7 30. Bg2 Rxb3 31. a4 Bc6 32. Qd6 Qxd6 33. Rxd6 Rb1+ 34.
Kf2 Rb2+ 35. Kg1 Bxa4 36. f4 Rb1+ 37. Kf2 Rb2+ 38. Kg1 Bb5 39. Nc5 Rb1+ 40. Kf2
a5 41. Rb6 Rb2+ 42. Kg1 a4 43. Nxa4 Rxg2+ 44. Kxg2 Bxa4 45. Kf3 Kf8 46. h4 h5
47. Ke3 Bd7 48. Rb7 Ke7 49. Kd4 Nf8 50. f5 f6 51. e5 fxe5+ 52. Kxe5 Nh7 53. Kf4
Nf6 54. Kg5 Kf7 55. Ra7 Kg8 56. Kf4 Kh7 57. Kg5 Bb5 58. Rb7 Bd3 59. Ra7 Ne4+ 60.
Kf4 Nf6 61. Kg5 Be2 62. Rb7 Bf3 63. Ra7 Bg4 64. Rb7 Ne4+ 65. Kf4 Nf6 66. Ra7 Be2
67. Rb7 Bc4 68. Ra7 Bd5 69. Kg5 Bc6 70. Rc7 Bd5 71. Ra7 Kg8 72. Kf4 Bf7 73. Kg5
Be8 74. Rb7 Kf8 75. Ra7 Bd7 76. Rb7 Bc6 77. Rc7 Be8 78. Ra7 Kg8 79. Rc7 Kh7 80.
Ra7 Bb5 81. Kf4 Bc6 82. Kg5 Be4 83. Kf4 Bc2 84. Kg5 Ne4+ 85. Kf4 Nf6 86. Ra2 Bb3
87. Ra3 Bc4 88. Ra4 Bd5 89. Ra7 Kh6 90. Ra8 Bxa8 0-1

[Event "Online Olym Div2 E 2021"]
[Site "chess.com INT"]
[Date "2021.09.02"]
[Round "2.1"]
[Board "3"]
[White "Franco Valencia, Angela"]
[Black "Mencos, Claudia"]
[Result "1-0"]
[WhiteTitle "WIM"]
[BlackTitle "WIM"]
[WhiteElo "2089"]
[BlackElo "1977"]
[WhiteTeam "Colombia"]
[BlackTeam "Guatemala"]
[WhiteFideId "4403070"]
[BlackFideId "7300573"]
[EventDate "2021.09.02"]
[EventType "team"]

1. e4 c5 2. Nf3 e6 3. d4 cxd4 4. Nxd4 a6 5. g3 Qc7 6. Bg2 Nf6 7. O-O Be7 8. Nc3
d6 9. Kh1 O-O 10. a4 Nc6 11. Nb3 b6 12. g4 Bb7 13. g5 Nd7 14. f4 Nb4 15. Be3 Nc5
16. f5 exf5 17. Rxf5 Bc8 18. Rf2 Nxb3 19. cxb3 Be6 20. Rc1 Qd7 21. Nd5 Nxd5 22.
exd5 Bg4 23. Qd4 b5 24. Rfc2 Bd8 25. Rc6 Bh3 26. Bf3 Re8 27. Qf4 Re5 28. Rg1 Qe7
29. Bd2 Bd7 30. Rcc1 Rf5 31. Qg3 bxa4 32. bxa4 Bxa4 33. Rge1 Re5 34. Rxe5 Qxe5
35. Qxe5 dxe5 36. d6 Rb8 37. Rc5 Bd7 38. b4 f6 39. gxf6 gxf6 40. Bc6 Bf5 41. Rc3
Kf7 42. Bd5+ Be6 43. Bf3 Rxb4 44. Bh5+ Kg7 45. Rg3+ Kh8 46. Bxb4 1-0

[Event "Online Olym Div2 E 2021"]
[Site "chess.com INT"]
[Date "2021.09.02"]
[Round "2.1"]
[Board "4"]
[White "Mazariegos, Silvia Carolina"]
[Black "Rivera, Ingris"]
[Result "0-1"]
[WhiteTitle "WIM"]
[BlackTitle "WIM"]
[WhiteElo "1933"]
[BlackElo "2249"]
[WhiteTeam "Guatemala"]
[BlackTeam "Colombia"]
[WhiteFideId "7300115"]
[BlackFideId "4402472"]
[EventDate "2021.09.02"]
[EventType "team"]

1. d4 Nf6 2. e3 g6 3. Bd3 Bg7 4. f4 O-O 5. Qe2 c5 6. c3 d6 7. Nf3 Nc6 8. O-O e5
9. fxe5 dxe5 10. Bb5 exd4 11. exd4 cxd4 12. Bxc6 d3 13. Qf2 bxc6 14. Bg5 h6 15.
Bxf6 Qxf6 16. Ne1 Qxf2+ 17. Rxf2 Bf5 18. Nd2 Rfe8 19. Rd1 h5 20. Ndf3 Bh6 21.
Nd2 Be3 22. Kf1 Bxf2 23. Kxf2 Bg4 24. Ndf3 Re2+ 25. Kf1 Bxf3 26. Nxf3 Rxb2 27.
Rxd3 Rxa2 28. h3 Rb8 29. Kg1 Rbb2 30. Ne1 Ra1 31. Kf1 Rbb1 32. Re3 Kg7 33. Kf2
Rxe1 34. Rxe1 Rxe1 35. Kxe1 Kf6 0-1

[Event "Online Olym Div2 E 2021"]
[Site "chess.com INT"]
[Date "2021.09.02"]
[Round "2.1"]
[Board "6"]
[White "Santiago Sontay, Jenny Fernanda"]
[Black "Hernandez Bermudez, Manuela"]
[Result "0-1"]
[WhiteElo "1708"]
[BlackElo "1921"]
[WhiteTeam "Guatemala"]
[BlackTeam "Colombia"]
[WhiteFideId "7303084"]
[BlackFideId "4483103"]
[EventDate "2021.09.02"]
[EventType "team"]

1. e4 c5 2. Nf3 d6 3. d4 cxd4 4. Qxd4 a6 5. c4 Nc6 6. Qd2 Nf6 7. Nc3 g6 8. h3
Bg7 9. Be2 O-O 10. O-O Bd7 11. Qc2 Rc8 12. Be3 Qc7 13. Rac1 a5 14. Nd5 Qb8 15.
Nb6 Rcd8 16. Rfd1 Nb4 17. Qb1 Bc6 18. Nd5 Rfe8 19. Bb6 Rc8 20. Bxa5 Na6 21. Nd4
Nc5 22. Bf3 Nfd7 23. Bc3 Ne5 24. Be2 Na4 25. Be1 Bd7 26. b3 Nc5 27. Ba5 Nc6 28.
Bc3 e5 29. Nb5 Ne6 30. Nxd6 Ned4 31. Nxe8 Nxe2+ 32. Kf1 Nxc1 33. Nef6+ Kh8 34.
Nxd7 Qd6 35. Qxc1 Qxd7 36. Nb6 Qc7 37. Nxc8 Qxc8 38. Qd2 Nd4 39. Bxd4 exd4 40.
Qb4 Qc6 41. f3 Qc7 42. Qb5 h5 43. Kg1 Qf4 44. Qxb7 Be5 45. Qc8+ Kg7 46. Qd7 Qh2+
47. Kf1 Bf4 48. Qxd4+ Kh7 49. Qg1 Qg3 50. Qf2 Qh2 51. Rd5 g5 52. c5 Bc1 53. c6
Qc7 54. Qc2 Bf4 55. Rd7 Qa5 56. c7 Qb5+ 57. Rd3 Bxc7 58. Ke2 Bf4 59. Kf2 Qb6+
60. Kf1 Qb5 61. Kg1 Qb6+ 62. Kf1 Bh2 63. Qf2 Qb5 64. Qe2 Qc5 65. Ke1 Qg1+ 66.
Kd2 Bf4+ 67. Kc2 Qc1# 0-1

[Event "Online Olym Div2 E 2021"]
[Site "chess.com INT"]
[Date "2021.09.02"]
[Round "2.2"]
[Board "1"]
[White "Mieles Palau, Daniel"]
[Black "Christie, Joshua"]
[Result "1-0"]
[WhiteTitle "IM"]
[BlackTitle "FM"]
[WhiteElo "2364"]
[BlackElo "2206"]
[WhiteTeam "Ecuador"]
[BlackTeam "Jamaica"]
[WhiteFideId "3600467"]
[BlackFideId "7402074"]
[EventDate "2021.09.02"]
[EventType "team"]

1. c4 c5 2. Nc3 Nc6 3. g3 g6 4. Bg2 Bg7 5. Nf3 e5 6. a3 a5 7. O-O Nge7 8. Ne1 d6
9. Nc2 O-O 10. Rb1 Be6 11. Ne3 Rb8 12. d3 h6 13. Ned5 Kh7 14. Bd2 Qd7 15. b4
cxb4 16. axb4 Nxb4 17. Nxb4 axb4 18. Rxb4 d5 19. cxd5 Nxd5 20. Nxd5 Bxd5 21.
Bxd5 Qxd5 22. Qb1 b5 23. Rc1 Rb7 24. Be3 Rfb8 25. Rc5 Qd7 26. h4 h5 27. Qb3 Qe8
28. Qb2 Qe7 29. Rcxb5 Qxb4 30. Qxb4 Rxb5 31. Qe7 R5b7 32. Qd6 Re8 33. Kg2 Re6
34. Qd5 Rc7 35. f3 Ree7 36. g4 f5 37. gxf5 gxf5 38. Bg5 Rf7 39. Kf2 Rcd7 40. Qc6
Rc7 41. Qa8 Rcd7 42. Qe8 Rc7 43. Qe6 Rcd7 44. f4 exf4 45. Kf3 Rc7 46. Qe8 Rcd7
47. Kg2 Rc7 48. Kf2 Rcd7 49. Kf3 Rc7 50. Qe6 Rcd7 51. d4 Bxd4 52. Qh6+ Kg8 53.
Qxh5 Rd6 54. Bxf4 Re6 55. Qg5+ Bg7 56. e3 Kh7 57. Qh5+ Kg8 58. Kf2 Ra6 59. Qe2
Rfa7 60. Qc4+ Kh7 61. h5 Rf6 62. Bg5 Rd6 63. Qc8 Rf7 64. Qe8 Rdd7 65. Qe6 Rb7
66. Qg6+ Kh8 67. h6 Be5 68. Qe6 Bb2 69. Kg3 Kh7 70. Kh4 Kh8 71. Kh5 Kh7 72. Qg6+
Kh8 73. Qc6 Kh7 74. Qc2 Be5 75. Qc6 Bb2 76. Bf4 Ba1 77. Qg6+ Kh8 78. Qe6 Kh7 79.
Bg5 Bb2 80. Qc8 Ba1 81. Qc4 Bb2 82. Qd3 Ba1 83. e4 fxe4 84. Qxe4+ Kh8 85. Kg6
Rg7+ 86. hxg7+ Rxg7+ 87. Kh5 Rh7+ 88. Kg6 Rg7+ 89. Kh6 1-0

[Event "Online Olym Div2 E 2021"]
[Site "chess.com INT"]
[Date "2021.09.02"]
[Round "2.2"]
[Board "2"]
[White "Lorne, Ras Malaku"]
[Black "Munoz Sanchez, Miguel"]
[Result "1-0"]
[WhiteTitle "FM"]
[BlackTitle "IM"]
[WhiteElo "2117"]
[BlackElo "2222"]
[WhiteTeam "Jamaica"]
[BlackTeam "Ecuador"]
[WhiteFideId "7400330"]
[BlackFideId "3600734"]
[EventDate "2021.09.02"]
[EventType "team"]

1. d4 Nf6 2. Bg5 Ne4 3. Bf4 c5 4. f3 Nf6 5. d5 d6 6. c4 g6 7. Nc3 Bg7 8. e4 a6
9. Qd2 b5 10. cxb5 axb5 11. Bxb5+ Bd7 12. a4 Na6 13. Nge2 O-O 14. O-O Nb4 15.
Rfc1 Bxb5 16. Nxb5 Nd7 17. Bh6 Bxh6 18. Qxh6 Ne5 19. Qd2 Qb6 20. h3 f5 21. Nec3
Ned3 22. Rf1 Rf7 23. Kh2 c4 24. Qe2 f4 25. Rfd1 Rff8 26. Rab1 Qc5 27. b3 Ne5 28.
Nd4 Rfc8 29. Qd2 Nbd3 30. Ne6 Qe3 31. b4 Qf2 32. Qxf2 Nxf2 33. Rd2 Nfd3 34. b5
Nd7 35. Ra2 N7c5 36. Nd4 Nb3 37. Nc6 Rc7 38. a5 Ndc5 39. b6 Rb7 40. Na4 Na6 41.
Rc2 Kg7 42. Rbb2 Nb8 43. Rxc4 Nxa5 44. Nxa5 Rxa5 45. Rc7 1-0